[Event "CZE-chT1W 2223"]
[Site "Czech Republic"]
[Date "2022.11.13"]
[Round "3.6"]
[White "Stastny, Jan"]
[Black "Kawulok, Marek"]
[Result "1/2-1/2"]
[WhiteElo "2216"]
[BlackElo "2153"]
[PlyCount "96"]
[EventDate "2022.10.09"]
[EventType "team-tourn"]
[EventRounds "11"]
[EventCountry "CZE"]
[SourceTitle "CBM 213 Extra"]
[Source "ChessBase"]
[SourceDate "2023.05.31"]
[SourceVersion "1"]
[SourceVersionDate "2023.05.31"]
[SourceQuality "1"]
[WhiteTeam "Ricany Betsys"]
[BlackTeam "Praha Oaza II"]
[WhiteTeamCountry "CZE"]
[BlackTeamCountry "CZE"]

1. e4 Nf6 2. e5 Nd5 3. d4 d6 4. c4 Nb6 5. exd6 cxd6 6. Nc3 g6 7. Be3 Bg7 8. Rc1 0-0 9. b3 d5 10. c5 e5 11. dxe5 Nc6 12. Nf3 Nxe5 13. Nxe5 Bxe5 14. Bd4 Re8 15. Bxe5 Rxe5+ 16. Be2 Nd7 17. b4 a5 18. a3 axb4 19. axb4 Nf6 20. Qd4 Qe7 21. 0-0 Bf5 22. Bf3 Be4 23. Bxe4 dxe4 24. Rfd1 Nh5 25. Qe3 Re8 26. Nd5 Qh4 27. b5 f5 28. g3 Qh3 29. c6 bxc6 30. bxc6 Rxd5 31. Rxd5 Nf6 32. c7 Ng4 33. Rd8 Qxh2+ 34. Kf1 Nxe3+ 35. Ke2 Qh5+ 36. Kd2 Nc4+ 37. Kc3 Qf3+ 38. Kxc4 Kg7 39. Rxe8 Qd3+ 40. Kc5 Qa3+ 41. Kd5 Qb3+ 42. Rc4 Qb5+ 43. Kd6 Qa6+ 44. Rc6 Qd3+ 45. Ke5 Qb5+ 46. Kf4 Qxc6 47. c8Q Qd6+ 48. Kg5 h6+ 1/2-1/2

[Event "CZE-chT1W 2122"]
[Site "Czech Republic"]
[Date "2022.01.09"]
[Round "6.6"]
[White "Stastny, Jan"]
[Black "Jurek, Josef"]
[Result "1/2-1/2"]
[WhiteElo "2202"]
[BlackElo "2208"]
[PlyCount "42"]
[EventDate "2021.10.10"]
[EventType "team-tourn"]
[EventRounds "11"]
[EventCountry "CZE"]
[SourceTitle "EXT 2023"]
[Source "ChessBase"]
[SourceDate "2022.10.05"]
[SourceVersion "1"]
[SourceVersionDate "2022.10.05"]
[SourceQuality "1"]
[WhiteTeam "Ricany Betsys"]
[BlackTeam "Vysehrad SK Sokol"]
[WhiteTeamCountry "CZE"]
[BlackTeamCountry "CZE"]

1. e4 e6 2. d4 d5 3. Nc3 Bb4 4. Nge2 Nc6 5. a3 Ba5 6. e5 f6 7. exf6 Nxf6 8. b4 Bb6 9. f4 Bd7 10. Na4 0-0 11. g3 Bxd4 12. Nxd4 Nxd4 13. Nc5 Nf5 14. Nxb7 Qe8 15. Bg2 e5 16. 0-0 e4 17. Bh3 Bc8 18. Nc5 Ne3 19. Bxe3 Bxh3 20. Re1 Bg4 21. Qd2 Rd8 1/2-1/2

[Event "CZE-chT1W 1819"]
[Site "Czech Republic"]
[Date "2019.03.24"]
[Round "10.6"]
[White "Staszko, Martin"]
[Black "Stastny, Jan"]
[Result "1/2-1/2"]
[WhiteElo "2051"]
[BlackElo "2239"]
[PlyCount "56"]
[EventDate "2018.10.21"]
[EventType "team-tourn"]
[EventRounds "11"]
[EventCountry "CZE"]
[SourceTitle "CBM 189 Extra"]
[Source "ChessBase"]
[SourceDate "2019.06.03"]
[SourceVersion "1"]
[SourceVersionDate "2019.06.03"]
[SourceQuality "1"]
[WhiteTeam "Praha Dukla"]
[BlackTeam "Neratovice"]
[WhiteTeamCountry "CZE"]
[BlackTeamCountry "CZE"]

1. d4 Nf6 2. Nf3 c5 3. c3 d5 4. Bf4 Qb6 5. Qb3 c4 6. Qc2 Nc6 7. Nbd2 g6 8. e4 e6 9. b3 cxb3 10. axb3 Bg7 11. Bd3 0-0 12. e5 Nh5 13. Be3 f5 14. exf6 Rxf6 15. 0-0 Nf4 16. Ne5 Nxd3 17. Qxd3 Rf8 18. Ndf3 Nxe5 19. dxe5 d4 20. cxd4 Qd8 21. Rfd1 b6 22. Qe4 Bd7 23. d5 Qe8 24. Nd4 Kh8 25. d6 a5 26. Rdc1 Ra7 27. Nc6 Qa8 28. f3 Ra6 1/2-1/2

[Event "CZE-chT2A 1819"]
[Site "Czech Republic"]
[Date "2019.02.10"]
[Round "8.1"]
[White "Hurdzan, Tomas"]
[Black "Stastny, Jan"]
[Result "1-0"]
[WhiteElo "2237"]
[BlackElo "2239"]
[PlyCount "77"]
[EventDate "2018.10.14"]
[EventType "team-tourn"]
[EventRounds "11"]
[EventCountry "CZE"]
[SourceTitle "EXT 2022"]
[Source "ChessBase"]
[SourceDate "2021.10.06"]
[SourceVersion "1"]
[SourceVersionDate "2021.10.06"]
[SourceQuality "1"]
[WhiteTeam "Klatovy"]
[BlackTeam "Ricany"]
[WhiteTeamCountry "CZE"]
[BlackTeamCountry "CZE"]

1. e4 c5 2. Nf3 d6 3. d4 cxd4 4. Nxd4 Nf6 5. Nc3 Nc6 6. Bg5 e6 7. Qd2 a6 8. 0-0-0 Bd7 9. f4 Be7 10. Nf3 b5 11. Bxf6 gxf6 12. f5 Qc7 13. Kb1 b4 14. Ne2 a5 15. Nf4 Rb8 16. g3 a4 17. Bh3 Qc8 18. fxe6 fxe6 19. Rhf1 a3 20. b3 Rf8 21. Nh5 Rb5 22. e5 Nxe5 23. Nd4 Rd5 24. Qxb4 Nc6 25. Nxc6 Qxc6 26. Rxd5 Qxd5 27. Nf4 Qe5 28. Qxa3 f5 29. Qb2 Qa5 30. b4 Qb6 31. Re1 Kf7 32. Bxf5 Bf6 33. Qb3 Qf2 34. Bxe6+ Kg7 35. Qe3 Qxh2 36. Bxd7 Rb8 37. a3 Rb7 38. Qe6 Qd2 39. Nh5+ 1-0

[Event "CZE-chT1W 1819"]
[Site "Czech Republic"]
[Date "2018.11.11"]
[Round "2.5"]
[White "Stastny, Jan"]
[Black "Michalek, Jan"]
[Result "1-0"]
[WhiteElo "2239"]
[BlackElo "2248"]
[PlyCount "63"]
[EventDate "2018.10.21"]
[EventType "team-tourn"]
[EventRounds "11"]
[EventCountry "CZE"]
[SourceTitle "CBM 187 Extra"]
[Source "ChessBase"]
[SourceDate "2018.11.04"]
[SourceVersion "1"]
[SourceVersionDate "2018.11.04"]
[SourceQuality "1"]
[WhiteTeam "Neratovice"]
[BlackTeam "Kozolupy"]
[WhiteTeamCountry "CZE"]
[BlackTeamCountry "CZE"]

1. e4 g6 2. d4 Bg7 3. Nc3 d6 4. f4 Nc6 5. Bb5 a6 6. Bxc6+ bxc6 7. Nf3 Nf6 8. 0-0 a5 9. h3 Nd7 10. Be3 Nb6 11. b3 c5 12. Qd2 cxd4 13. Bxd4 0-0 14. Bxg7 Kxg7 15. Rae1 Kg8 16. Nd5 c6 17. Ne3 a4 18. f5 Nd7 19. Ng4 gxf5 20. exf5 f6 21. Qh6 Rf7 22. Qe3 Rg7 23. Nd4 Ne5 24. Nxe5 dxe5 25. Ne2 Qd5 26. Ng3 axb3 27. axb3 Qd4 28. Kh2 Ra2 29. Rf2 Bb7 30. Rd2 Qb4 31. Rd8+ Kf7 32. Qh6 1-0

[Event "CZE-chT2C 1617"]
[Site "Czech Republic"]
[Date "2016.11.27"]
[Round "4.2"]
[White "Stastny, Jan"]
[Black "Vojta, Tomas"]
[Result "1/2-1/2"]
[WhiteElo "2224"]
[BlackElo "2369"]
[PlyCount "84"]
[EventDate "2016.10.09"]
[EventType "team-tourn"]
[EventRounds "11"]
[EventCountry "CZE"]
[SourceTitle "EXT 2022"]
[Source "ChessBase"]
[SourceDate "2021.10.06"]
[SourceVersion "1"]
[SourceVersionDate "2021.10.06"]
[SourceQuality "1"]
[WhiteTeam "Ricany"]
[BlackTeam "Vlasim"]
[WhiteTeamCountry "CZE"]
[BlackTeamCountry "CZE"]

1. e4 d5 2. exd5 Nf6 3. Nf3 Qxd5 4. Nc3 Qa5 5. d4 Bg4 6. h3 Bh5 7. g4 Bg6 8. Ne5 e6 9. Bg2 c6 10. 0-0 Nbd7 11. f4 Bb4 12. f5 exf5 13. Nxd7 Nxd7 14. d5 fxg4 15. Re1+ Kd8 16. dxc6 bxc6 17. hxg4 Re8 18. Bf4 f6 19. Qf3 Rc8 20. a3 Bc5+ 21. Kh1 Bd4 22. b4 Qa6 23. Rad1 Rxe1+ 24. Rxe1 Be5 25. Rd1 Ke7 26. g5 Qc4 27. gxf6+ gxf6 28. Bxe5 Nxe5 29. Qe3 Rc7 30. b5 Qe6 31. bxc6 Kf8 32. Nd5 Rxc6 33. Nf4 Qc8 34. Bxc6 Qxc6+ 35. Kg1 Qxc2 36. Nxg6+ hxg6 37. Rf1 Ng4 38. Qg3 Qc5+ 39. Kh1 Qd5+ 40. Kg1 Qd4+ 41. Kh1 Qd5+ 42. Kg1 Qd4+ 1/2-1/2

[Event "CZE-chT1W 1617"]
[Site "Czech Republic"]
[Date "2016.11.20"]
[Round "3.4"]
[White "Pesout, Jan"]
[Black "Stastny, Jan"]
[Result "1/2-1/2"]
[WhiteElo "2217"]
[BlackElo "2225"]
[PlyCount "148"]
[EventDate "2016.10.16"]
[EventType "team-tourn"]
[EventRounds "11"]
[EventCountry "CZE"]
[SourceTitle "CBM 175 Extra"]
[Source "ChessBase"]
[SourceDate "2016.12.12"]
[SourceVersion "1"]
[SourceVersionDate "2016.12.12"]
[SourceQuality "1"]
[WhiteTeam "Pankrac"]
[BlackTeam "Jicin II"]
[WhiteTeamCountry "CZE"]
[BlackTeamCountry "CZE"]

1. Nf3 c5 2. c4 Nc6 3. Nc3 e5 4. g3 g6 5. Bg2 Bg7 6. 0-0 d6 7. e4 f5 8. d3 Nf6 9. Bg5 h6 10. Be3 f4 11. gxf4 exf4 12. Bxf4 0-0 13. Qd2 g5 14. Bg3 Nh5 15. Nd5 Bg4 16. Ne1 Nd4 17. f3 Be6 18. Nc2 Bxd5 19. cxd5 Nxc2 20. Qxc2 Nxg3 21. hxg3 Be5 22. Bh3 Bxg3 23. Kg2 Be5 24. Rh1 Kg7 25. Bg4 Qf6 26. Rab1 Qf4 27. Rh3 h5 28. Bxh5 Rh8 29. Qf2 Rh6 30. Rbh1 Bd4 31. Qe2 Rah8 32. b3 Be5 33. Qe1 b6 34. Qf2 b5 35. Qe1 b4 36. Qf2 a6 37. Kf1 Bd4 38. Qe2 Qc1+ 39. Kg2 Qf4 40. Qe1 Be5 41. Qf2 a5 42. Bg4 Rxh3 43. Bxh3 Bd4 44. Qe1 Be5 45. Qf2 Rh4 46. Bg4 Rxh1 47. Kxh1 Qc1+ 48. Kg2 Bd4 49. Qe2 Qg1+ 50. Kh3 Be5 51. f4 Bxf4 52. Qg2 Qe1 53. Qf3 Qd2 54. Qe2 Qxe2 55. Bxe2 Kf6 56. d4 cxd4 57. Bd3 Ke5 58. Kg4 Be3 59. Kf3 Kf6 60. Kg4 Bf4 61. Kf3 Be5 62. Kg4 Kg6 63. Bb5 d3 64. Bxd3 Kf6 65. Bb5 Bf4 66. Be8 Ke5 67. Bg6 Kd4 68. Kf5 Kc3 69. Be8 Kb2 70. Ba4 Kxa2 71. e5 dxe5 72. d6 e4 73. d7 Bc7 74. Kxe4 g4 1/2-1/2

[Event "CZE-chT2C 1617"]
[Site "Czech Republic"]
[Date "2016.11.13"]
[Round "3.2"]
[White "Hosticka, Frantisek"]
[Black "Stastny, Jan"]
[Result "0-1"]
[WhiteElo "2156"]
[BlackElo "2224"]
[PlyCount "102"]
[EventDate "2016.10.09"]
[EventType "team-tourn"]
[EventRounds "11"]
[EventCountry "CZE"]
[SourceTitle "EXT 2022"]
[Source "ChessBase"]
[SourceDate "2021.10.06"]
[SourceVersion "1"]
[SourceVersionDate "2021.10.06"]
[SourceQuality "1"]
[WhiteTeam "Prachatice"]
[BlackTeam "Ricany"]
[WhiteTeamCountry "CZE"]
[BlackTeamCountry "CZE"]

1. e4 g6 2. d4 Bg7 3. c3 d6 4. f4 e5 5. dxe5 dxe5 6. Qxd8+ Kxd8 7. Na3 Be6 8. Nf3 Nd7 9. Ng5 Ke7 10. Nb5 c6 11. Nc7 Rd8 12. Ncxe6 fxe6 13. Bc4 b5 14. Bxe6 Nc5 15. f5 Nd3+ 16. Ke2 Bh6 17. Be3 Bxg5 18. Bxg5+ Nf6 19. a4 h6 20. axb5 hxg5 21. Rxa7+ Ke8 22. g3 gxf5 23. Bxf5 cxb5 24. h3 Rh6 25. b4 Nb2 26. Rb7 Nc4 27. Ra1 Nd6 28. Rb6 Nxf5 29. exf5 Ng4 30. Rxh6 Nxh6 31. g4 Nf7 32. Ra5 Nd6 33. Ra7 Rd7 34. Ra8+ Rd8 35. Ra7 Rd7 36. Ra8+ Ke7 37. Rg8 Nf7 38. h4 gxh4 39. g5 h3 40. g6 Nh6 41. Rh8 Nxf5 42. Rxh3 Kf6 43. Rh8 Kxg6 44. Kf3 Nd6 45. Ke3 Kf5 46. Rh5+ Ke6 47. Rh6+ Kd5 48. Kd3 Rf7 49. Kc2 Rf2+ 50. Kb3 Nc4 51. Rh2 Nd2+ 0-1

[Event "CZE-chT2C 1516"]
[Site "Czech Republic"]
[Date "2016.01.10"]
[Round "5.2"]
[White "Matras, Ondrej"]
[Black "Stastny, Jan"]
[Result "1-0"]
[WhiteElo "2262"]
[BlackElo "2219"]
[PlyCount "67"]
[EventDate "2015.10.18"]
[EventType "team-tourn"]
[EventRounds "11"]
[EventCountry "CZE"]
[SourceTitle "EXT 2022"]
[Source "ChessBase"]
[SourceDate "2021.10.06"]
[SourceVersion "1"]
[SourceVersionDate "2021.10.06"]
[SourceQuality "1"]
[WhiteTeam "Praha Vrsovice"]
[BlackTeam "Ricany"]
[WhiteTeamCountry "CZE"]
[BlackTeamCountry "CZE"]

1. d4 d5 2. c4 Nc6 3. cxd5 Qxd5 4. Nf3 e5 5. Nc3 Bb4 6. Bd2 Bxc3 7. Bxc3 e4 8. Ne5 Nge7 9. e3 Nxe5 10. dxe5 Be6 11. Qa4+ Bd7 12. Qa3 Nc6 13. Rd1 Qe6 14. Qc5 0-0-0 15. Bb5 a6 16. Bxc6 Bxc6 17. 0-0 b6 18. Qa3 Kb7 19. Rc1 Rd3 20. b3 Rhd8 21. Qb2 h5 22. Qc2 h4 23. h3 g5 24. Bd4 Rc8 25. f4 exf3 26. Qxd3 fxg2 27. Rf5 g4 28. Rf6 Qd5 29. Rcxc6 gxh3 30. Rxb6+ cxb6 31. Rxb6+ Kc7 32. Qc2+ Kd8 33. Rd6+ Ke7 34. Qxc8 1-0

[Event "CZE-chT2C 1415"]
[Site "Czech Republic"]
[Date "2015.02.08"]
[Round "7.2"]
[White "Lhotka, Jiri"]
[Black "Stastny, Jan"]
[Result "0-1"]
[WhiteElo "2095"]
[BlackElo "2230"]
[PlyCount "94"]
[EventDate "2014.11.02"]
[EventType "team-tourn"]
[EventRounds "11"]
[EventCountry "CZE"]
[SourceTitle "EXT 2022"]
[Source "ChessBase"]
[SourceDate "2021.10.06"]
[SourceVersion "1"]
[SourceVersionDate "2021.10.06"]
[SourceQuality "1"]
[WhiteTeam "Praha Kobylisy II"]
[BlackTeam "Ricany"]
[WhiteTeamCountry "CZE"]
[BlackTeamCountry "CZE"]

1. e4 c5 2. Nf3 d6 3. d4 cxd4 4. Nxd4 Nf6 5. Nc3 Nc6 6. Bg5 e6 7. f4 Be7 8. Qd2 a6 9. 0-0-0 Bd7 10. Kb1 b5 11. Bxf6 gxf6 12. f5 Nxd4 13. Qxd4 Qc7 14. Be2 h5 15. Rhf1 Qc5 16. fxe6 fxe6 17. Qxc5 dxc5 18. e5 f5 19. Bf3 0-0-0 20. Ne2 h4 21. Nf4 Rhg8 22. c4 Bf8 23. Bh5 Bh6 24. Bf7 Bxf4 25. Bxg8 Bxh2 26. Bf7 Rf8 27. Bh5 Bxe5 28. Kc2 bxc4 29. Rde1 Bd4 30. Re2 Rh8 31. Bf7 Rh6 32. Rfe1 e5 33. Bxc4 e4 34. Rf1 Kc7 35. Rd1 a5 36. a3 a4 37. b4 axb3+ 38. Bxb3 Bb5 39. Ree1 Rg6 40. Rd2 e3 41. Rde2 Bxe2 42. Rxe2 Kd6 43. Bc4 f4 44. Bd3 Rg3 45. Be4 h3 46. Kd3 h2 47. Re1 e2+ 0-1

[Event "CZE-chT2C 1415"]
[Site "Czech Republic"]
[Date "2015.01.11"]
[Round "5.2"]
[White "Danes, Jaroslav"]
[Black "Stastny, Jan"]
[Result "1/2-1/2"]
[WhiteElo "2223"]
[BlackElo "2230"]
[PlyCount "140"]
[EventDate "2014.11.02"]
[EventType "team-tourn"]
[EventRounds "11"]
[EventCountry "CZE"]
[SourceTitle "EXT 2022"]
[Source "ChessBase"]
[SourceDate "2021.10.06"]
[SourceVersion "1"]
[SourceVersionDate "2021.10.06"]
[SourceQuality "1"]
[WhiteTeam "Kutna Hora"]
[BlackTeam "Ricany"]
[WhiteTeamCountry "CZE"]
[BlackTeamCountry "CZE"]

1. e4 c5 2. Nf3 d6 3. d4 cxd4 4. Nxd4 Nf6 5. Nc3 e6 6. g4 e5 7. Nf5 Nc6 8. g5 Nxe4 9. Nxg7+ Bxg7 10. Nxe4 d5 11. Ng3 0-0 12. Bg2 e4 13. 0-0 Ne5 14. h3 Be6 15. Nh5 Bh8 16. a4 h6 17. Ra3 hxg5 18. Bxg5 Qxg5 19. Rg3 Bg4 20. hxg4 Rfe8 21. Qc1 Qxc1 22. Rxc1 Rac8 23. Rd1 Red8 24. c3 Nc4 25. b3 Nb2 26. Rb1 Rxc3 27. f3 e3 28. g5 Bd4 29. Rg4 Rd3 30. Rxd4 Rxd4 31. Rxb2 Rd2 32. Rb1 Rc8 33. Nf4 Rdc2 34. Bf1 Rc1 35. Rxc1 Rxc1 36. Kg2 d4 37. Bc4 Kg7 38. g6 fxg6 39. Ne6+ Kf6 40. Nxd4 Ke5 41. Ne2 Rc2 42. Kg3 a6 43. Kg4 Rb2 44. f4+ Ke4 45. a5 Rd2 46. Kg3 Rd6 47. Kg4 Rd2 48. Ng3+ Kd4 49. Be2 Ra2 50. Kg5 Rxa5+ 51. Kxg6 Ra3 52. f5 Rxb3 53. f6 Rb6 54. Kg5 Rxf6 55. Kxf6 a5 56. Nf5+ Kc3 57. Bb5 Kd2 58. Nd4 a4 59. Nf3+ Kc3 60. Bxa4 Kc4 61. Bc2 b5 62. Ke5 Kc3 63. Bd1 b4 64. Nd4 b3 65. Bh5 b2 66. Bg6 Kd2 67. Nb3+ Kc3 68. Nd4 Kd2 69. Nb3+ Kc3 70. Nd4 Kd2 1/2-1/2

[Event "CZE-chT2C 1314"]
[Site "Czech Republic"]
[Date "2014.03.23"]
[Round "10.3"]
[White "Stastny, Jan"]
[Black "Jascenko, Olga"]
[Result "0-1"]
[WhiteElo "2246"]
[BlackElo "2173"]
[PlyCount "114"]
[EventDate "2013.11.03"]
[EventType "team-tourn"]
[EventRounds "11"]
[EventCountry "CZE"]
[SourceTitle "EXT 2015"]
[Source "ChessBase"]
[SourceDate "2014.11.20"]
[SourceVersion "1"]
[SourceVersionDate "2014.11.20"]
[SourceQuality "1"]
[WhiteTeam "Ricany"]
[BlackTeam "Postovni sporitelna III"]
[WhiteTeamCountry "CZE"]
[BlackTeamCountry "CZE"]

1. e4 c5 2. Nf3 e6 3. d4 cxd4 4. Nxd4 a6 5. Nc3 Qc7 6. Be2 Nc6 7. 0-0 Nf6 8. Kh1 Bb4 9. Qd3 Ne5 10. Qg3 Rg8 11. f4 Bxc3 12. bxc3 Nc4 13. Qd3 d5 14. exd5 exd5 15. Bf3 Bd7 16. Re1+ Kd8 17. Nf5 Bxf5 18. Qxf5 Qd7 19. Qd3 Kc7 20. f5 Rae8 21. Bf4+ Kc8 22. Qd4 b6 23. g4 h6 24. Bg3 Qc6 25. Rxe8+ Rxe8 26. Re1 Rxe1+ 27. Bxe1 Qe8 28. Bh4 Qe3 29. Qxe3 Nxe3 30. Bxf6 gxf6 31. Kg1 d4 32. cxd4 Nxc2 33. Bd5 Ne3 34. Bxf7 Nxg4 35. h3 Ne3 36. Kf2 Nc2 37. Kf3 Kc7 38. Ke4 Kd6 39. Bb3 Nb4 40. Be6 a5 41. a3 Nc2 42. a4 Na3 43. Kf4 b5 44. axb5 Nxb5 45. Ke4 a4 46. Kd3 Nc7 47. Ba2 Nd5 48. Bb1 Nf4+ 49. Kc4 Nxh3 50. Be4 Nf4 51. Kb4 Nd5+ 52. Kc4 h5 53. Bf3 h4 54. Be4 h3 55. Bf3 Ne3+ 56. Kb4 Nxf5 57. Kxa4 Nxd4 0-1

[Event "CZE-chT2C 1213"]
[Site "Czech Republic"]
[Date "2013.02.17"]
[Round "9.1"]
[White "Stastny, Jan"]
[Black "Svoboda, Svatopluk"]
[Result "0-1"]
[WhiteElo "2233"]
[BlackElo "2334"]
[PlyCount "104"]
[EventDate "2012.10.14"]
[EventType "team-tourn"]
[EventRounds "11"]
[EventCountry "CZE"]
[SourceTitle "EXT 2015"]
[Source "ChessBase"]
[SourceDate "2014.11.20"]
[SourceVersion "1"]
[SourceVersionDate "2014.11.20"]
[SourceQuality "1"]
[WhiteTeam "Ricany"]
[BlackTeam "Pankrac II"]
[WhiteTeamCountry "CZE"]
[BlackTeamCountry "CZE"]

1. e4 c5 2. Nf3 e6 3. d4 cxd4 4. Nxd4 Nf6 5. Nc3 d6 6. Be2 Be7 7. 0-0 0-0 8. f4 Nc6 9. Be3 Bd7 10. Bf3 Nxd4 11. Bxd4 Bc6 12. e5 dxe5 13. fxe5 Bxf3 14. Rxf3 Nd7 15. Ne4 Qc7 16. Rc3 Qa5 17. Rh3 Qd5 18. Qd3 Rfc8 19. Nf2 h6 20. Re1 Bc5 21. c3 Nf8 22. b3 Ng6 23. Rg3 Rd8 24. Re4 Be7 25. Ng4 Bg5 26. Rf3 Rac8 27. h3 Rxc3 28. Qxc3 Qxe4 29. Be3 Nh4 30. Rf2 Rd1+ 31. Kh2 Rf1 32. Qc2 Qxc2 33. Rxc2 Bxe3 34. Nxe3 Re1 35. Nc4 b5 36. Na5 a6 37. Nc6 g5 38. b4 Re4 39. Rb2 Ng6 40. Nb8 Nxe5 41. Nxa6 Nc4 42. Rc2 Kf8 43. Nc7 Nd6 44. Rc6 Ke7 45. a3 Rc4 46. Rc5 Kd7 47. Nxb5 Rxc5 48. Nxd6 Kxd6 49. bxc5+ Kxc5 50. Kg3 f5 51. Kf3 e5 52. Ke3 Kc4 0-1

[Event "CZE-chT2C 1213"]
[Site "Czech Republic"]
[Date "2013.01.06"]
[Round "6.1"]
[White "Svoboda, Vaclav1111"]
[Black "Stastny, Jan"]
[Result "1-0"]
[WhiteElo "2376"]
[BlackElo "2233"]
[PlyCount "131"]
[EventDate "2012.10.14"]
[EventType "team-tourn"]
[EventRounds "11"]
[EventCountry "CZE"]
[SourceTitle "EXT 2015"]
[Source "ChessBase"]
[SourceDate "2014.11.20"]
[SourceVersion "1"]
[SourceVersionDate "2014.11.20"]
[SourceQuality "1"]
[WhiteTeam "Praha Oaza"]
[BlackTeam "Ricany"]
[WhiteTeamCountry "CZE"]
[BlackTeamCountry "CZE"]

1. e4 c5 2. Nf3 d6 3. d4 cxd4 4. Nxd4 Nf6 5. Nc3 a6 6. Be3 e6 7. Be2 Qc7 8. f4 b5 9. Bf3 Bb7 10. a3 Nbd7 11. Qe2 Be7 12. Rd1 0-0 13. 0-0 Rfe8 14. Bc1 e5 15. Nf5 Bf8 16. Qf2 exf4 17. Bxf4 Ne5 18. Bg5 Nfg4 19. Bxg4 Nxg4 20. Qg3 Ne5 21. Bf4 f6 22. Rf2 Rac8 23. Ne3 Kh8 24. Ned5 Qf7 25. h3 Nc4 26. Bc1 Ne5 27. Qe3 Rc5 28. Qf4 Rcc8 29. b3 Ng6 30. Qf3 Ne5 31. Qe3 Ng6 32. Bb2 Ne5 33. Qd4 Qg6 34. Nf4 Qf7 35. Ncd5 Rc6 36. Rdf1 Rcc8 37. Qd2 Rcd8 38. Rd1 Rc8 39. Qd4 Rc6 40. Ne3 Rcc8 41. Nfd5 Nc6 42. Qd3 Ne5 43. Qd2 Qg6 44. Rf5 Nd7 45. Qd4 Ne5 46. Rdf1 Rcd8 47. R5f4 Rc8 48. R1f2 Rc5 49. a4 Nc6 50. Qd2 Ne5 51. axb5 axb5 52. Qa5 Bxd5 53. Nxd5 Nc6 54. Qd2 Ne5 55. Bd4 Rcc8 56. Qe2 Nc6 57. Bb2 Ne5 58. Qxb5 Rb8 59. Qe2 Be7 60. Ba3 Qf7 61. Qd2 Bf8 62. Bb2 Qb7 63. Re2 Rbc8 64. Rf1 Be7 65. Rd1 Bf8 66. Kh1 1-0

[Event "CZE-chT2C 1213"]
[Site "Czech Republic"]
[Date "2012.11.04"]
[Round "2.1"]
[White "Karasek, Lukas"]
[Black "Stastny, Jan"]
[Result "1/2-1/2"]
[WhiteElo "2190"]
[BlackElo "2233"]
[PlyCount "26"]
[EventDate "2012.10.14"]
[EventType "team-tourn"]
[EventRounds "11"]
[EventCountry "CZE"]
[SourceTitle "EXT 2015"]
[Source "ChessBase"]
[SourceDate "2014.11.20"]
[SourceVersion "1"]
[SourceVersionDate "2014.11.20"]
[SourceQuality "1"]
[WhiteTeam "Kutna Hora"]
[BlackTeam "Ricany"]
[WhiteTeamCountry "CZE"]
[BlackTeamCountry "CZE"]

1. Nf3 Nf6 2. c4 c5 3. Nc3 b6 4. g3 Bb7 5. Bg2 e6 6. 0-0 Be7 7. d4 cxd4 8. Qxd4 0-0 9. Rd1 d6 10. b3 Nbd7 11. Bb2 a6 12. e4 Qc7 13. Rac1 Rac8 1/2-1/2

[Event "CZE-chT1W 1112"]
[Site "Czech Republic"]
[Date "2012.02.26"]
[Round "9.5"]
[White "Stastny, Jan"]
[Black "Lacha, Josef"]
[Result "1-0"]
[WhiteElo "2246"]
[BlackElo "2065"]
[PlyCount "53"]
[EventDate "2011.10.02"]
[EventType "team-tourn"]
[EventRounds "11"]
[EventCountry "CZE"]
[SourceTitle "EXT 2013"]
[Source "ChessBase"]
[SourceDate "2012.11.22"]
[SourceVersion "1"]
[SourceVersionDate "2012.11.22"]
[SourceQuality "1"]
[WhiteTeam "Novoborsky II"]
[BlackTeam "Postovni sporitelna II"]
[WhiteTeamCountry "CZE"]
[BlackTeamCountry "CZE"]

1. e4 c5 2. Nf3 e6 3. d4 cxd4 4. Nxd4 a6 5. Nc3 Qc7 6. Be2 Nf6 7. 0-0 Bb4 8. Qd3 Nc6 9. Nxc6 bxc6 10. f4 d6 11. Qg3 0-0 12. e5 Nd7 13. exd6 Bxd6 14. Ne4 Be7 15. b3 f6 16. Bb2 a5 17. Rad1 a4 18. Bd3 axb3 19. axb3 Ba6 20. Qg4 Rf7 21. Qxe6 Nf8 22. Qh3 Bxd3 23. Qxd3 Ra2 24. Bd4 Ne6 25. Be3 f5 26. Nd6 Rf8 27. Qc4 1-0

[Event "CZE-chT2C 1112"]
[Site "Czech Republic"]
[Date "2012.02.05"]
[Round "7.1"]
[White "Jirovsky, Pavel"]
[Black "Stastny, Jan"]
[Result "1/2-1/2"]
[WhiteElo "2313"]
[BlackElo "2246"]
[PlyCount "29"]
[EventDate "2011.10.09"]
[EventType "team-tourn"]
[EventRounds "11"]
[EventCountry "CZE"]
[SourceTitle "EXT 2013"]
[Source "ChessBase"]
[SourceDate "2012.11.22"]
[SourceVersion "1"]
[SourceVersionDate "2012.11.22"]
[SourceQuality "1"]
[WhiteTeam "Kolin"]
[BlackTeam "Ricany"]
[WhiteTeamCountry "CZE"]
[BlackTeamCountry "CZE"]

1. Nf3 Nf6 2. g3 d5 3. Bg2 c6 4. d4 Bf5 5. 0-0 e6 6. c4 Be7 7. Nc3 0-0 8. Qb3 Qb6 9. c5 Qxb3 10. axb3 Nbd7 11. b4 a6 12. h3 h5 13. Bg5 Rfe8 14. Nh4 Bf8 15. Nxf5 1/2-1/2

[Event "CZE-chT1W 1112"]
[Site "Czech Republic"]
[Date "2012.01.29"]
[Round "7.5"]
[White "Stastny, Jan"]
[Black "Straka, Vojtech"]
[Result "1/2-1/2"]
[WhiteElo "2246"]
[BlackElo "2246"]
[PlyCount "39"]
[EventDate "2011.10.02"]
[EventType "team-tourn"]
[EventRounds "11"]
[EventCountry "CZE"]
[SourceTitle "EXT 2013"]
[Source "ChessBase"]
[SourceDate "2012.11.22"]
[SourceVersion "1"]
[SourceVersionDate "2012.11.22"]
[SourceQuality "1"]
[WhiteTeam "Novoborsky II"]
[BlackTeam "Praha Oaza"]
[WhiteTeamCountry "CZE"]
[BlackTeamCountry "CZE"]

1. e4 c5 2. Nf3 Nc6 3. d4 cxd4 4. Nxd4 Nf6 5. Nc3 e6 6. Ndb5 Bb4 7. a3 Bxc3+ 8. Nxc3 d5 9. exd5 exd5 10. Bd3 0-0 11. 0-0 Bg4 12. Ne2 Ne5 13. f3 Bd7 14. Be3 Re8 15. Bd4 a6 16. Bxe5 Rxe5 17. Qd2 Qb6+ 18. Kh1 Rae8 19. Nd4 Rh5 20. c3 1/2-1/2